000 01212nam a2200265 a 4500
005 20150521020002.0
008 140129b2006 ck ||||| |||| 00| 0 spa d
040 _cCO-BoIH
041 _aspa
044 _ack
090 _aIAVH
_b00962
100 _aMurtinho Espinosa, Felipe
_95207
245 _aDefinición de los ecosistemas estratégicos en jurisdicción de la Corporación Autónoma Regional de Cundinamarca-CAR
_bPrimera parte
260 _aBogotá
_bInstituto Alexander von Humboldt
_c2006
300 _a44 p.
520 _aEste documento se organiza en cinco capítulos: 1) describe el área de estudio; 2) el marco conceptual y metodológico para adelantar la investigación; 3) la clasificación de los biomas según sus bienes y servicios ambientales; 4) la definición de las áreas estratégicas de la CAR; 5) las conclusiones y recomendaciones del proceso
650 _aEcosistemas estratégicos
_93520
650 _aCAR
_930444
650 _aBienes y servicios ambientales
_94349
700 _aMoreno Díaz, Carlos Alberto
_95209
700 _aFernández Muñoz, María Adelaida
_95210
700 _aBorda Almanza, Carlos Andrés
_91317
942 _cINFORME
_2z
_01
945 _d2008-09-09
999 _c6551
_d6551